00527nam a2200193Ii 450000100060000000300090000600800410001502000150005604000330007104100080010408200170011210000190012924500390014826400530018730000120024033600260025233700280027833800270030612290CO-ViMGA241108s9999||||xx |||||||||||||| ||und|| a9580438927 aCO-ViMGAbspaerdacCO-ViMGA0 aspa04a801.954 O76d1 aWilliam Ospina10aDónde está la franja amarilla? 1aBogotá, Colombia : Grupo Editorial Norma, 2000 avolumen atextbtxt2rdacontent aunmediatedbn2rdamedia avolumebnc2rdacarrier